000 00271nam a2200109Ia 4500
001 1264691
005 20260417141946.0
008 260417s9999 xx 000 0 und d
020 _a9789752895782
245 0 _aOlağan-içi
_cGeorges Perec
260 _bEverest Yayınları
999 _c1264691
_d1264691